000 01168nam a2200217Ia 4500
003 Ost
005 20260507075034.0
008 260507s9999||||xx |||||||||||||| ||und||
040 _cfsecg
041 _aara
082 _a330
100 _aعفيفي، صديق محمد
_eمؤلف
245 0 _aإدارة الأعمال في المنظمات المعاصرة /
_c صديق محمد عفيفي
250 _aطبعة 10
260 _aالإسكندرية:
_bالمكتب العربي الحديث,
_c2003
300 _a567 صفحة؛
_bإيضاحات ؛
_c24 سم
520 _aتطور الفكر الإداري ومشكلة الإدارة في الدول النامية- قضية التخطيط وإتخاذ القرارات- المشكلة والحل- قضية التنظيم في الدول النامية- قضية القيادة في الدول النامية- قضية الرفاهية في الدول النامية- ملامح بيئة العمل الإداري وإدارة مشروعات الأعمال- استراتيجية التنمية الإدارية
653 _aإدارة الأعمال
653 _aالمنظمات
942 _cكتاب
999 _c42438
_d42438